| 000 | 00881nam a2200277 i 4500 | ||
|---|---|---|---|
| 001 | bgj | ||
| 100 | 1 |
_aFAULKNER, William _d(1897-1962). |
|
| 245 | 1 | 0 |
_aThinking of home : _bWilliam Faulkner's letters to his mother and father, 1918-1925 / _cedited by James G. Watson. |
| 260 |
_aNew York : _bW. W. Norton and Company, _cc. 1992. |
||
| 300 |
_a253 pp ; _c22 cm. |
||
| 505 | _aIncludes index. | ||
| 600 | 1 | 9 | _aFaulkner, William, 1897-1962 |
| 600 | 1 | 9 |
_aFaulkner, William, 1897-1962 _xFamily |
| 650 | 9 |
_aNovelists, American _xFamily _y20th century |
|
| 650 | 9 |
_aNovelists, American _y20th century |
|
| 655 | _aBiographies | ||
| 655 | _aCorrespondence | ||
| 655 | _aBiography | ||
| 700 | 1 |
_aWATSON, James Gray. _eeditor |
|
| 020 | _a0393030814 | ||
| 040 | _cBPK | ||
| 041 | 0 | _aeng | |
| 920 | _a0-393-03081-4 | ||
| 942 | _cKS | ||
| 008 | s uk f |000 0 eng | ||
| 999 |
_c47658 _d47658 |
||